[Event "Randbauern-Dresdner Springer"]
[Site "Radebeul"]
[Date "2016.07.03"]
[Round "?"]
[White "Geibel, Henning"]
[Black "Schwier, Gerd"]
[Result "0-1"]
[WhiteElo "1444"]
[BlackElo "1864"]
[PlyCount "62"]
[EventDate "2016.??.??"]

1. e4 e5 2. Nf3 Nc6 3. Bc4 Bc5 4. O-O Nf6 5. d3 d6 6. Bg5 Bg4 7. h3 Bxf3 8.
Qxf3 Nd4 9. Qd1 c6 10. c3 Ne6 11. b4 Bb6 12. Qb3 Nxg5 13. h4 Ne6 14. Bxe6 fxe6
15. Qxe6+ Qe7 16. Qb3 Ng4 17. g3 Rf8 18. Qd1 Nxf2 19. Qe2 Nxe4+ 20. Kg2 Rxf1
21. Qxf1 Nf6 22. Nd2 O-O-O 23. Qf5+ Qd7 24. Qf3 Qe6 25. a4 Qd5 26. Ne4 Nxe4 27.
dxe4 Qd2+ 28. Kh3 Qe3 29. Qf5+ Rd7 30. Qxh7 Qxc3 31. a5 Qxa1 0-1

[Event "Dresdner Seniorenklub-Stiftung BSW / DB"]
[Site "Radebeul"]
[Date "2016.07.03"]
[Round "?"]
[White "Ziegenbein, Dieter"]
[Black "Ehlert, Joachim"]
[Result "1/2-1/2"]
[WhiteElo "1701"]
[BlackElo "2007"]
[PlyCount "66"]
[EventDate "2016.??.??"]

1. e4 c5 2. Nf3 e6 3. d4 cxd4 4. Nxd4 a6 5. Bd3 Nc6 6. Be3 Nf6 7. O-O d5 8.
Nxc6 bxc6 9. e5 Nd7 10. f4 c5 11. c3 Bb7 12. Qg4 g6 13. Nd2 h5 14. Qe2 Qc7 15.
Nf3 Be7 16. Bf2 Qc6 17. Rfe1 Qa4 18. Qd2 h4 19. h3 Rb8 20. b3 Qc6 21. Rac1 Qc7
22. Qc2 Nf8 23. Qd2 Ra8 24. Rf1 Nd7 25. Rfe1 Kf8 26. Qc2 Kg7 27. Qd2 Nb6 28.
Re3 Rad8 29. Qe1 c4 30. Bc2 cxb3 31. axb3 Ba3 32. Rb1 d4 33. Rd3 Bxf3 1/2-1/2

[Event "Tunisia-BSV Chemie Radebeul"]
[Site "Radebeul"]
[Date "2016.07.03"]
[Round "?"]
[White "Aroua, Ahmed"]
[Black "Unger, Martin"]
[Result "1/2-1/2"]
[WhiteElo "1516"]
[BlackElo "1514"]
[PlyCount "52"]
[EventDate "2016.??.??"]

1. e4 e6 2. d4 d5 3. e5 c5 4. c3 Nc6 5. Nf3 Qb6 6. Bd3 cxd4 7. cxd4 Bb4+ 8. Nc3
a6 9. O-O Bd7 10. a3 Be7 11. Be3 h6 12. b4 Na7 13. Rb1 Qc7 14. Rc1 Qd8 15. h3
b5 16. Nh2 Bg5 17. f4 Be7 18. Qg4 Kf8 19. f5 h5 20. Qg3 Nh6 21. Nxd5 Bh4 22.
Qf3 exd5 23. e6 Be8 24. Qxh5 Kg8 25. Ng4 Nxg4 26. Qxg4 Bf6 1/2-1/2

[Event "BSV Chemie Radebeul-Tunisia"]
[Site "Radebeul"]
[Date "2016.07.03"]
[Round "?"]
[White "Koenig, Manfred"]
[Black "Malki, Mounir"]
[Result "0-1"]
[WhiteElo "1305"]
[BlackElo "1757"]
[PlyCount "78"]
[EventDate "2016.??.??"]

1. d4 g6 2. c4 Bg7 3. Nc3 d6 4. e3 Nf6 5. Nf3 Bg4 6. Be2 O-O 7. h3 Bxf3 8. Bxf3
c6 9. b3 Nbd7 10. O-O Re8 11. Bb2 Rb8 12. Rb1 a6 13. Qd2 Qa5 14. Rfd1 e5 15.
Ne4 Qc7 16. Nxf6+ Bxf6 17. dxe5 Nxe5 18. Be2 Rbd8 19. Qe1 g5 20. Qf1 Kg7 21. g4
b5 22. Qg2 b4 23. Kh1 Qa5 24. Bxe5 Bxe5 25. Qxc6 Qxa2 26. Qf3 Re6 27. Bd3 Rf6
28. Qe2 Qxe2 29. Bxe2 Rxf2 30. Bf1 a5 31. Bg2 Re2 32. Kg1 Rxe3 33. Re1 Rc3 34.
Re2 Re8 35. Kh1 Rd3 36. Rf2 Bd4 37. Rc2 Ree3 38. Kh2 Rxb3 39. Rxb3 Rxb3 0-1